000 00979nam a22002297a 4500
999 _c18681
_d18681
003 AR-CdUCM
008 190515b ||||| |||| 00| 0 spa d
040 _aMUNICIPALIDAD PROVINCIAL DEL CUSCO
_cBIBLIOTECA MUNICIPAL DEL CUSCO
082 _a329.1 /
_bV19
100 _aValderrama, Mariano
_936961
245 _aEl APRA :
_bun camino de esperanzas y frustraciones /
260 _aLima :
_bEdiciones el Gallo Rojo,
_c1980.
300 _a250 páginas ;
_bfiguras, fotografías,
_c21 cm.
505 _aContenido: La evolución ideológica del APRA 1924-1962 -- El joven Haya y el APRA de los años veinte -- El antiimperialismo y el APRA -- El surgimiento dl partido aprista Peruano -- Interamericano y productivismo Aprista 1940.1953 ...
650 _aEl Apra
_93314
650 _aPolítica
_9291
650 _aHaya de la Torre
_93315
700 _aChullen, Jorge
_939415
700 _aLynch, Nicolás ... (coautores)
_939416
942 _2ddc
_cLIBROS
945 _aachl
_d2019-05-15